000 00522nam a22001697a 4500
003 SISC
005 20170109162928.0
008 170109b xxu||||| |||| 00| 0 eng d
020 _a9786210200607
050 _aKPM 810
_b.Ul37 2016
100 _aUlep, Mauricio C.
245 _aA bar oriented approach to the law on obligations and contracts /
_cAtty. Mauricio C. Ulep.
250 _a2016 edition.
260 _aQuezon City :
_bCental Book Supply, Inc.,
_c2016.
300 _axix, 418 pages ;
_c23 cm.
942 _2lcc
_cBK
999 _c305375
_d305375